Estatísticas para Inglês

Clique aqui para jogar o quiz

Estatísticas Gerais

  • Esse quiz foi jogado 102 vezes
  • A pontuação média é 12 de 15

Estatísticas das Respostas

HintResposta% Correto
EstrelaStar
99%
MúsicaMusic
98%
SemanaWeek
98%
AnoYear
98%
FilmeMovie
91%
EsposaWife
87%
CadeiraChair
86%
ViajarTravel
84%
CançãoSong
82%
MaridoHusband
81%
TartarugaTurtle
79%
EntenderUnderstand
78%
EscritórioOffice
66%
AutocarroBus
42%
MesaDesk
31%

Distribuição das Pontuações

Percentil de Números Respondidos

Porcentagem de Pessoas com Cada Pontuação

Sua Pontuação Histórica

Você não jogou esse quiz